000
00289nam a2200121Ia 4500
008
190216s9999||||xx |||||||||||||| ||und||
100
_a
Tayal D C
245
0
_a
Principles Of Electronics;
260
_b
Himalaya Publishing House
_c
1991
300
_a
264p
650
_a
Physics
942
_c
BK
999
_c
34077
_d
34077